000 00472nam a2200181Ia 4500
008 100917s9999 xx 000 0 und d
082 _b44333
100 _aसंत वि. द.
245 _aगुलमोहर
260 _bप्रणव प्रकाशन
_c1980
300 _a102
365 _b10
520 _aनिबंध
630 _aगुलमोहर
650 _aनिबंध
730 _aगुलमोहर
942 _cBOOK
999 _c649727
_d649724